00460 2200169 4500245007000000020002200070250001100092100002500103700001700128650004100145005001900186260003300205041001400238084000800252300002100260336000900281 aKamus Praktis Sinonim Antonim EnglishcHerpinus SimanjuntakhText a978-979-593-449-3 aCet. 1 aHerpinus Simanjuntak aDenis Toruan aKamus Sinonim Antonim Bahasa Inggris a20240910091053 aJakartabKesaint Blancc2014 aIndonesia a423 a216 hlm. :c20cm atext